00654nam a2200241 a 4500001001300000003000900013005001700022008004100039020001000080082001600090100001800106245002200124260003900146300000900185500003500194505001700229650002100246700001800267902000800285942000700293952009700300999001500397nice12345678IN_TiNIC20260116012931.0050524s1913 teha grs 000 0 abg  ac10000a491.25bSHE aShekhar, Indu aRahnumai Sanskrit aTehranbUniversity of Tehranc1913 a193p aincludes index and biblioraphy2 aBibliography aSanskrit Grammar1 aShekhar, Indu bSRS cPS 00104070aHMIbHMId2007-06-07g100.00l0o491.25 SHEp13906r2007-06-07w2026-01-16yARB c8958d8958